<?xml version="1.0" encoding="UTF-8"?>
<record
    xmlns:xsi="http://www.w3.org/2001/XMLSchema-instance"
    xsi:schemaLocation="http://www.loc.gov/MARC21/slim http://www.loc.gov/standards/marcxml/schema/MARC21slim.xsd"
    xmlns="http://www.loc.gov/MARC21/slim">

  <leader>01080nam a2200241 i 4500</leader>
  <controlfield tag="001">89602</controlfield>
  <controlfield tag="003">ES-MaACL</controlfield>
  <controlfield tag="005">20250902070713.0</controlfield>
  <controlfield tag="007">t|</controlfield>
  <controlfield tag="008">050111s1965    sp           |||| | spa d</controlfield>
  <datafield tag="100" ind1="1" ind2=" ">
    <subfield code="a">Lasser, J. K.</subfield>
    <subfield code="9">70466</subfield>
  </datafield>
  <datafield tag="245" ind1="1" ind2="0">
    <subfield code="a">Organizaci&#xF3;n de empresas </subfield>
    <subfield code="b">: c&#xF3;mo organizar, administrar y conducir medianas y peque&#xF1;as empresas / </subfield>
    <subfield code="c">J.K. Lasser ; pr&#xF3;logo, supervisi&#xF3;n, anotaciones sobre la legislaci&#xF3;n espa&#xF1;ola y notas por Sergio Garcigoy Bad&#xED;a ; [versi&#xF3;n espa&#xF1;ola de C. Niell Sureda y Sergio Garcigoy Bad&#xED;a].</subfield>
  </datafield>
  <datafield tag="250" ind1=" " ind2=" ">
    <subfield code="a">3&#xAA; ed.</subfield>
  </datafield>
  <datafield tag="260" ind1=" " ind2=" ">
    <subfield code="a">Barcelona : </subfield>
    <subfield code="b">Hispano Europea, </subfield>
    <subfield code="c">1965.</subfield>
  </datafield>
  <datafield tag="300" ind1=" " ind2=" ">
    <subfield code="a">XXII, 607 p. ; </subfield>
    <subfield code="c">21 cm.</subfield>
  </datafield>
  <datafield tag="490" ind1="1" ind2=" ">
    <subfield code="a">Biblioteca de direcci&#xF3;n, organizaci&#xF3;n y administraci&#xF3;n de empresas . T&#xE9;cnicas administrativas</subfield>
  </datafield>
  <datafield tag="650" ind1="0" ind2="7">
    <subfield code="a">Gesti&#xF3;n de empresas</subfield>
    <subfield code="2">embne</subfield>
    <subfield code="9">12210</subfield>
  </datafield>
  <datafield tag="700" ind1="1" ind2=" ">
    <subfield code="a">Garcigoy Bad&#xED;a, Sergio.</subfield>
    <subfield code="9">55470</subfield>
  </datafield>
  <datafield tag="700" ind1="1" ind2=" ">
    <subfield code="a">Niell Sureda, Conrado.</subfield>
    <subfield code="9">85634</subfield>
  </datafield>
  <datafield tag="830" ind1="0" ind2="0">
    <subfield code="a">Biblioteca de direcci&#xF3;n, organizaci&#xF3;n y administraci&#xF3;n de empresas</subfield>
    <subfield code="9">183673</subfield>
  </datafield>
  <datafield tag="852" ind1=" " ind2=" ">
    <subfield code="a">ES-MaACL</subfield>
    <subfield code="j">C-28493</subfield>
  </datafield>
  <datafield tag="999" ind1=" " ind2=" ">
    <subfield code="c">89602</subfield>
    <subfield code="d">89602</subfield>
  </datafield>
  <datafield tag="952" ind1=" " ind2=" ">
    <subfield code="0">0</subfield>
    <subfield code="1">0</subfield>
    <subfield code="4">0</subfield>
    <subfield code="7">0</subfield>
    <subfield code="a">ATENEOM</subfield>
    <subfield code="b">ATENEOM</subfield>
    <subfield code="c">DEPO2</subfield>
    <subfield code="d">2008-01-17</subfield>
    <subfield code="e">SC</subfield>
    <subfield code="l">0</subfield>
    <subfield code="o">C-28493</subfield>
    <subfield code="p">1093578</subfield>
    <subfield code="r">2023-02-23 00:00:00</subfield>
    <subfield code="w">2023-02-23</subfield>
    <subfield code="y">MONOGRAFIA</subfield>
  </datafield>
</record>
